Những nội dung cơ bản của luật sửa đổi một số điều của luật khiếu nại tố cáo
Đã lưu trong:
| Format: | Bog |
|---|---|
| Sprog: | Undetermined |
| Udgivet: |
Hà Nội
Tư Pháp
2006
|
| Fag: | |
| Tags: |
Tilføj Tag
Ingen Tags, Vær først til at tagge denne postø!
|
| Thư viện lưu trữ: | Trung tâm Học liệu Trường Đại học Cần Thơ |
|---|
| LEADER | 00614nam a2200181Ia 4500 | ||
|---|---|---|---|
| 001 | CTU_105145 | ||
| 008 | 210402s9999 xx 000 0 und d | ||
| 020 | |c 11000 | ||
| 082 | |a 347.59705 | ||
| 082 | |b Nh556 | ||
| 245 | 0 | |a Những nội dung cơ bản của luật sửa đổi một số điều của luật khiếu nại tố cáo | |
| 245 | 0 | |c Vụ Công tác lập pháp | |
| 260 | |a Hà Nội | ||
| 260 | |b Tư Pháp | ||
| 260 | |c 2006 | ||
| 650 | |a Civil law ( vietnamese law ),Civil rights | ||
| 904 | |i M.Loan | ||
| 980 | |a Trung tâm Học liệu Trường Đại học Cần Thơ | ||